Normal view
MARC view
- Persuasión (Retórica)
Entry Materia
001 - NÚMERO DE CONTROL DEL REGISTRO
- campo de control: 22258
003 - IDENTIFICADOR DE NUMERO DE CONTROL
- campo de control: UPN
005 - FECHA Y HORA DE LA ÚLTIMA TRANSACCIÓN
- campo de control: 20230419161635.0
008 - DATOS DE LONGITUD FIJA
- campo de control de longitud fija: 230419nn anznnbabn n |na |d
035 ## - NÚMERO DE CONTROL DEL SISTEMA
- Número de control del sistema: UPN10000022267
040 ## - FUENTE DE LA CATALOGACIÓN
- Lengua de catalogación: spa
- Centro catalogador de origen: MX-MxUPN
046 ## - FECHAS CON CODIFICACIÓN ESPECIAL
- Fecha final para contenidos agregados: 2023
150 ## - ENCABEZAMIENTO - TEMÁTICO
- Término de materia o nombre geográfico como elemento inicial: Persuasión (Retórica)
670 ## - FUENTE EN LA QUE SE LOCALIZARON DATOS
- Cita de la fuente: Escamilla González, G. Lista de encabezamientos de materia, 1978 :
- Información localizada: página 653 (Persuasión (Retórica))
902 ## - CATALOGADOR
- Catalogador: MCM/280813
- Catalogador: VíctorGodínez/190423
